| 000 | 00424nam a2200181Ia 4500 | ||
|---|---|---|---|
| 003 | GCL | ||
| 008 | 140319s9999 xx 000 0 eng d | ||
| 040 |
_aGCL / _cGCL |
||
| 082 | 0 | 4 |
_a951 _bU E |
| 100 | 1 | _aUNESCO | |
| 245 | 1 | 0 |
_aL'EMPERE DE CHINE / _cUNESCO |
| 260 |
_a[S.N] : _bLE POCHATEQUE ، _c1990 |
||
| 300 | _a31 P | ||
| 650 | 0 | 4 | _aANTIQUITIES |
| 650 | 0 | 4 | _aCHINA - HISTORY |
| 650 | 0 | 4 | _aHISTORY |
| 942 |
_2ddc _cBK |
||
| 999 |
_c15499 _d15499 |
||